000 01202nab a2200289 u 4500
001 03123
003 HDC
007 cr bn ---
008 210103b20142014xxk||||| |||| 00| 0 eng d
022 _a2044-9860
040 _aHDC
100 _aWilson, Jonathan A.J.
_eauthor
_9992
245 4 _aThe halal phenomenon
_b: an extension or a new paradigm?
_c/ Jonathan A.J. Wilson
260 _aUnited Kingdom:
_bWestburn Publishers,
_c2014
300 _a1 online resource (18 pages)
336 _atext
_2rdacontent
337 _acomputer
_2rdamedia
338 _aonline resource
_2rdacarrier
500 _aExtract from: Social BUsiness, 2014, volume 4 number 3 (pages 255-271)
_aIncludes bibliographical references
650 _aHalal industry
_9144
650 _aIslam
_xEconomic aspects
_91979
856 _zRequest full-text at [email protected]
856 _zRequest full-text at [email protected]
942 _2lcc
942 _cAR
942 _kJART 002550
999 _c509
_d509